00532nam a2200193 a 4500001001300000003000900013005001700022008004100039020001000080082001600090100002100106245008000127260003400207300000900241500003500250505001500285650001700300700002100317nice12345678IN_TiNIC20260116011453.0050524s1909 lona grp 000 0 eng  ac10000a955.03bBRO aBrowne, Edward G aBrief Narrative of Recent Events in Persia Followed By a Trasl.Of Four Pill aLondon bLuzac and Co. c1909 a101p aincludes index and biblioraphy2 aIll, Index aIran-History1 aBrowne, Edward G